00869cam a2200265Ma 4500001001300000003000600013005001700019008004100036035002100077040005300098043001200151050001700163082001600180245007100196260005800267300002700325336002600352337002800378338002700406500002000433650002600453650004100479651004100520700004200561ocn220001609OCoLC20230517133117.0870602s1962 vra 001 0 eng d a(OCoLC)220001609 aAU@bengcAU@dOCLCQdOCLCFdOCLCOdOCLCQdOCLCO au-at--- aL101.A8bM4804a370.99421900aMelbourne studies in education 1960-1961 /cedited by E.L. French. aParkville, Vic. :bMelbourne University Press,c1962. axi, 266 pages ;c22 cm atextbtxt2rdacontent aunmediatedbn2rdamedia avolumebnc2rdacarrier aIncludes index. 0aEducationzAustralia. 7aEducation.2fast0(OCoLC)fst00902499 7aAustralia.2fast0(OCoLC)fst012045431 aFrench, E. L.q(Edgar Lionel),d1917-